| 000 | 00549nam a2200205 a 4500 | ||
|---|---|---|---|
| 001 | BRCA_6672 | ||
| 005 | 20190320205541.0 | ||
| 008 | 121011s1904----gw-a######---#000-0#ger-# | ||
| 041 | _ager | ||
| 044 | _agw | ||
| 050 | 4 |
_aG109 _b.J35 1904 |
|
| 100 | 1 |
_aJannasch, Robert _916698 |
|
| 245 | 1 | 0 |
_aDie Wege und Entfernungen zur see im Weltverkehr _cRobert Jannasch. |
| 260 |
_aBerlĂn _bExport _c1904 |
||
| 300 |
_axvii p. _bil., 17 tablas _c22 cm. |
||
| 500 | _aL191 | ||
| 650 | 1 | 4 |
_aDistancias _vTablas, etc. _916699 |
| 902 | _aGFM | ||
| 942 |
_2lcc _cB |
||
| 999 |
_c6356 _d6356 |
||